000 00704nam a2200265Ia 4500
003 OSt
005 20220918163620.0
006 a|||||r|||| 00| 0
007 ta
008 220917b |||||||| |||| 00| 0 eng d
020 _a0195089529 (pbk)
024 _a29,312
037 _cTextual
040 _aARTS
_cARTS
_beng
041 _2eng
_aeng
082 _aO111,3:g(Y), N5
100 _aMoses Vadex Micheal
_914193
245 0 _aNovel and the globlization of culture
260 _aOxford
_bOUP
_c1995
300 _axvii,240
_ccm.
500 _aindex
650 _aENGLISH LITERATURE
942 _hO111,3:g(Y), N5
_cTEXL
_2CC
999 _c120442
_d120442